| 000 | 00785nam a2200193 i 4500 | ||
|---|---|---|---|
| 001 | 157782 | ||
| 003 | ES-MaACL | ||
| 005 | 20230906210839.0 | ||
| 008 | 040818s1896 it a |||| | ita d | ||
| 040 |
_aCAM _bspa _cCAM |
||
| 100 | 1 |
_aLionti, G. _9128967 |
|
| 245 | 1 | 0 |
_aSulla struttura della cartilagine jalina fetale ed adulta / _cper G. Lionti. |
| 260 |
_aPalermo : _b[s.n.], _c1896 ( _fTipografia Lo Statuto) |
||
| 300 |
_a44 p., [2] h. de lám. ; _c29 cm. |
||
| 594 | _aPrecede al tit.: Laboratorio di anatomia patologica di Palermo, diretto dal Prof. Santi Sirena. | ||
| 599 | _aLas h. de lám.: "LoVerde dis., Lit. Huber" | ||
| 650 | 4 |
_aAnatomía patológica. _99806 |
|
| 852 |
_aES-MaACL _jT-785-F-2 _z-- Enc. hol. conservando la cub. original _z-- Enc. en un vol. facticio |
||
| 999 |
_c157782 _d157782 |
||